| 000 | 01683nam0a2200337 4500 | ||
|---|---|---|---|
| 001 | RU\NLR\bibl\1306431 | ||
| 005 | 20260408070934.0 | ||
| 010 |
_a978-5-9926-0089-6 _9200 |
||
| 021 |
_aRU _b2008-81480 _94736 |
||
| 035 | _a(NLR Aleph) 001291937 | ||
| 090 |
_a564815 _c564815 |
||
| 100 | _a20081211d2007 |||y0rusy50 ca | ||
| 101 | 0 | _arus | |
| 102 | _aRU | ||
| 105 | _ay ||||||||| | ||
| 200 | 1 |
_aВведение в учение о тканях. Эпителиальные ткани и железы _eгистологический атлас для студентов, обучающихся по специальности 310800 Ветеринария _fФедер. агентство по образованию, Астрах. гос. ун-т _gсост.: В.И. Воробьев [и др.] |
|
| 210 |
_aАстрахань _cАстраханский университет _d2007 |
||
| 215 |
_a40 с. _cил. _d21 |
||
| 320 | _aБиблиогр.: с. 40 (5 назв.) | ||
| 517 | 0 | _aЭпителиальные ткани и железы | |
| 606 | 1 |
_aВетеринарная гистоморфология _jАтласы _92470136 _3RU\NLR\auth\661467151 |
|
| 606 | 1 |
_aЭпителий _jАтласы _9944159 _3RU\NLR\auth\6631208 |
|
| 686 | _aП523я6 | ||
| 686 | _aЕ866.61я6 | ||
| 702 | 1 |
_4220 _7ca _8rus _aВоробьев _bВ. И. _cд-р биол. наук _gВладимир Иванович _936402 _3RU\NLR\auth\7753470 |
|
| 712 | 0 | 2 |
_4570 _aАстраханский государственный университет _9596095 _3RU\NLR\AUTH\8810048023 |
| 801 | 0 |
_aRU _bNLR _c20081211 _gRCR |
|
| 801 | 1 |
_aRU _bNLR _c20081211 |
|
| 942 | _cBOOK | ||
| 980 | _aNB | ||